Súčasný stav implementácie pravidiel Basel II do slovenskej legislatívy

V roku 2006 bol schválený zákon č. 644/2006 Z.z., ktorým bol novelizovaný zákon o bankách č. 483/2001 Z.z. Uvedenou novelou sa do slovenskej legislatívy implementovali smernice Európskej únie zavádzajúce pravidlá Basel II. Ďalšími právnymi normami zavádzajúcimi pravidlá Basel II sú opatrenia NBS, kt...

Ausführliche Beschreibung

Gespeichert in:
Bibliographische Detailangaben
1. Verfasser: Rendek, Peter
Weitere Verfasser: Trúchly, Peter
Format: Buchkapitel
Sprache:Slowakisch
Schlagworte:
Tags: Tag hinzufügen
Keine Tags, Fügen Sie das erste Tag hinzu!

MARC

LEADER 00000naa$a2200000$$$4500
001 0070983
005 20240502071841.7
041 0 |a slo 
044 |a SK 
245 1 0 |a Súčasný stav implementácie pravidiel Basel II do slovenskej legislatívy  |c Peter Rendek, Peter Trúchly 
520 |a V roku 2006 bol schválený zákon č. 644/2006 Z.z., ktorým bol novelizovaný zákon o bankách č. 483/2001 Z.z. Uvedenou novelou sa do slovenskej legislatívy implementovali smernice Európskej únie zavádzajúce pravidlá Basel II. Ďalšími právnymi normami zavádzajúcimi pravidlá Basel II sú opatrenia NBS, ktoré boli a sú postupne prijímané v priebehu rokov 2006 a 2007. Stav implementácie pravidiel Basel II v Slovenskej republike. 
610 2 0 |a banky centrálne 
610 2 0 |a dohody medzinárodné 
610 2 0 |a trh finančný 
610 2 0 |a regulácia 
610 2 0 |a kapitál 
610 2 0 |a riziko operačné 
610 2 0 |a riziko úverové 
610 2 0 |a legislatíva 
610 2 0 |a novelizácia 
610 2 0 |a Európska únia 
610 2 0 |a Slovensko 
100 1 |a Rendek, Peter 
700 1 |a Trúchly, Peter